|
|
|
|
| LEADER |
00000naa2a2200000 4500 |
| 001 |
161124 |
| 005 |
20231221145629.0 |
| 035 |
|
|
|a (RuTPU)RU\TPU\book\174722
|
| 090 |
|
|
|a 161124
|
| 100 |
|
|
|a 20090603d2008 k y0rusy50 ca
|
| 101 |
0 |
|
|a rus
|
| 102 |
|
|
|a RU
|
| 200 |
1 |
|
|a Эколого-экономическая оценка технологий переработки твёрдых сульфаткальциевых отходов фтороводородного производства СХК
|f Т. С. Цыганкова
|g науч. рук. Ю. М. Федорчук
|
| 320 |
|
|
|a Библиогр.: 8 назв.
|
| 461 |
|
1 |
|0 (RuTPU)RU\TPU\book\166087
|t Энергия молодых - экономике России
|o труды IX Международной научно-практической конференции студентов и молодых ученых, г. Томск, 19-22 мая 2008 г.
|f Томский политехнический университет (ТПУ) ; Вольное экономическое общество России ; Международный союз экономистов (МСЭ)
|d 2008
|
| 463 |
|
0 |
|0 (RuTPU)RU\TPU\book\164805
|t Ч. 3
|v С. 313-317
|d 2008
|
| 610 |
1 |
|
|a сульфаткальциевые отходы
|
| 610 |
1 |
|
|a переработка
|
| 610 |
1 |
|
|a фторводородное производство
|
| 610 |
1 |
|
|a технологии
|
| 610 |
1 |
|
|a экология
|
| 610 |
1 |
|
|a экологичность
|
| 610 |
1 |
|
|a оценка
|
| 610 |
1 |
|
|a экономическая оценка
|
| 610 |
1 |
|
|a труды учёных ТПУ
|
| 700 |
|
1 |
|a Цыганкова
|b Т. С.
|c специалист в области экологии и безопасности жизнедеятельности
|c доцент Томского политехнического университета, кандидат технических наук
|f 1981-
|g Татьяна Сергеевна
|3 (RuTPU)RU\TPU\pers\26710
|9 12368
|
| 702 |
|
1 |
|a Федорчук
|b Ю. М.
|4 727
|
| 801 |
|
1 |
|a RU
|b 63413507
|c 20090603
|g PSBO
|
| 801 |
|
2 |
|a RU
|b 63413507
|c 20161124
|g RCR
|
| 942 |
|
|
|c BK
|